| 000 | 00402nam a2200145Ia 4500 | ||
|---|---|---|---|
| 008 | 230917s9999||||xx |||||||||||||| ||und|| | ||
| 040 |
_e47548 _aMAIN |
||
| 041 | _aEnglish | ||
| 082 | _a822.33 S15H:S | ||
| 100 | _aHawkes, Terence | ||
| 245 | 0 | _aShakespeare and the reason: A study of the tragedies and the problem plays | |
| 260 |
_aLondon _bRoutledge _c1968 |
||
| 300 | _axii, 206 p. | ||
| 942 | _cBK | ||
| 999 |
_c108862 _d108862 |
||